Central Library OPAC University of Rajshahi

আরেক কালান্তরে / (Record no. 104)

MARC details
000 -LEADER
fixed length control field 00718nam a22002177a 4500
001 - CONTROL NUMBER
control field 104
003 - CONTROL NUMBER IDENTIFIER
rucl marc code BD-RjUL
005 - DATE AND TIME OF LATEST TRANSACTION
control field 20211208233120.0
008 - FIXED-LENGTH DATA ELEMENTS--GENERAL INFORMATION
fixed length control field 140806s1977 bg |||| |||| 000 0 ben d
035 ## - SYSTEM CONTROL NUMBER
System control number (BD-RjUL)115
040 ## - CATALOGING SOURCE
Original cataloging agency BD-RjUL
Language of cataloging ben
Transcribing agency BD-RjUL
Modifying agency BD-RjUL
041 ## - LANGUAGE CODE
Language code of text/sound track or separate title ben
082 04 - DEWEY DECIMAL CLASSIFICATION NUMBER
Edition number 21
Classification number B 891.44
Author mark and year RAA 1977
100 1# - MAIN ENTRY--PERSONAL NAME
Personal name রফিক, আহমদ.
9 (RLIN) 347
245 1# - TITLE STATEMENT
Title আরেক কালান্তরে /
Statement of responsibility, etc. আহমদ রফিক.
260 ## - PUBLICATION, DISTRIBUTION, ETC. (IMPRINT)
Place of publication, distribution, etc. ঢাকা :
Name of publisher, distributor, etc. বাংলা একােডমি,
Date of publication, distribution, etc. ১৯৭৭.
300 ## - PHYSICAL DESCRIPTION
Pagination [৪], ১৭৬ পৃ.;
Size ২২ সেমি।
650 #0 - SUBJECT ADDED ENTRY--TOPICAL TERM
Topical term or geographic name as entry element বাংলা সাহিত্য
9 (RLIN) 572
Topical term or geographic name as entry element Bengali literature.
9 (RLIN) 63065
942 ## - ADDED ENTRY ELEMENTS (KOHA)
Source of classification or shelving scheme Dewey Decimal Classification
Koha item type Books
Holdings
Lost status Source of classification or shelving scheme Damaged status Not for loan Collection code Permanent Location Current Location Shelving location Date acquired Source of acquisition Cost, normal purchase price Total Checkouts Full call number Date last seen Copy number Koha item type
  Dewey Decimal Classification     Non-fiction Central Library, University of Rajshahi Central Library, University of Rajshahi   10/08/1978 Bangla Academy 14.00   B 891.44 RAA 1977 07/11/2013 C-3 Books
  Dewey Decimal Classification     Non-fiction Central Library, University of Rajshahi Central Library, University of Rajshahi   10/08/1978 Bangla Academy 14.00   B 891.44 RAA 1977 07/11/2013 C-4 Books
  Dewey Decimal Classification     Non-fiction Central Library, University of Rajshahi Central Library, University of Rajshahi   10/01/1985 Bangla Academy 14.00   B 891.44 RAA 1977 07/11/2013 C-5 Books
  Dewey Decimal Classification     Non-fiction Central Library, University of Rajshahi Central Library, University of Rajshahi   10/01/1985 Bangla Academy 14.00   B 891.44 RAA 1977 07/11/2013 C-6 Books
  Dewey Decimal Classification     Non-fiction Central Library, University of Rajshahi Central Library, University of Rajshahi   10/01/1985 Bangla Academy 14.00   B 891.44 RAA 1977 07/11/2013 C-7 Books